<?xml version="1.0" encoding="UTF-8"?>
<record
    xmlns:xsi="http://www.w3.org/2001/XMLSchema-instance"
    xsi:schemaLocation="http://www.loc.gov/MARC21/slim http://www.loc.gov/standards/marcxml/schema/MARC21slim.xsd"
    xmlns="http://www.loc.gov/MARC21/slim">

  <leader>00985nam a2200193   4500</leader>
  <datafield tag="999" ind1=" " ind2=" ">
    <subfield code="c">63804</subfield>
    <subfield code="d">63804</subfield>
  </datafield>
  <controlfield tag="003">Ge_BSU</controlfield>
  <controlfield tag="005">20260116151729.0</controlfield>
  <controlfield tag="008">260116s1955    ge ||||| |||| 00| 0 geo d</controlfield>
  <datafield tag="041" ind1=" " ind2=" ">
    <subfield code="a">geo</subfield>
  </datafield>
  <datafield tag="080" ind1=" " ind2=" ">
    <subfield code="a">631.67(479.22) &#x10DB;-68</subfield>
  </datafield>
  <datafield tag="100" ind1=" " ind2=" ">
    <subfield code="a">&#x10DB;&#x10D8;&#x10DC;&#x10D3;&#x10D0;&#x10EB;&#x10D4;, &#x10D2;., </subfield>
    <subfield code="9">26693</subfield>
  </datafield>
  <datafield tag="245" ind1=" " ind2=" ">
    <subfield code="a">&#x10DB;&#x10DD;&#x10E0;&#x10EC;&#x10E7;&#x10D5;&#x10D8;&#x10E1; &#x10E1;&#x10D0;&#x10E5;&#x10DB;&#x10D4; &#x10E1;&#x10D0;&#x10E5;&#x10D0;&#x10E0;&#x10D7;&#x10D5;&#x10D4;&#x10DA;&#x10DD;&#x10E8;&#x10D8; &#x10D3;&#x10D0; &#x10E1;&#x10D0;&#x10DB;&#x10D2;&#x10DD;&#x10E0;&#x10D8;&#x10E1; &#x10E1;&#x10D0;&#x10EE;&#x10D0;&#x10DA;&#x10EE;&#x10DD; &#x10DB;&#x10E8;&#x10D4;&#x10DC;&#x10D4;&#x10D1;&#x10DA;&#x10DD;&#x10D1;&#x10D0; / </subfield>
    <subfield code="c">&#x10D2;. &#x10DB;&#x10D8;&#x10DC;&#x10D3;&#x10D0;&#x10EB;&#x10D4;.</subfield>
  </datafield>
  <datafield tag="264" ind1=" " ind2=" ">
    <subfield code="a">&#x10D7;&#x10D1;&#x10D8;&#x10DA;&#x10D8;&#x10E1;&#x10D8; : </subfield>
    <subfield code="b">&#x10E2;&#x10D4;&#x10E5;&#x10DC;&#x10D8;&#x10D9;&#x10D0; &#x10D3;&#x10D0; &#x10E8;&#x10E0;&#x10DD;&#x10DB;&#x10D0;, </subfield>
    <subfield code="c">1955.</subfield>
  </datafield>
  <datafield tag="300" ind1=" " ind2=" ">
    <subfield code="a">80 &#x10D2;&#x10D5;. : </subfield>
    <subfield code="b">8&#x10D2;&#x10D5;. &#x10D8;&#x10DA;. ;</subfield>
    <subfield code="c"> 23 &#x10E1;&#x10DB;.</subfield>
  </datafield>
  <datafield tag="500" ind1=" " ind2=" ">
    <subfield code="a">&#x10D3;&#x10D0;&#x10DC;&#x10D0;&#x10E0;&#x10D7;&#x10D8;: "&#x10D3;&#x10D0;&#x10DB;&#x10D0;&#x10E2;&#x10D4;&#x10D1;&#x10D0;", &#x10D2;&#x10D5;. 1-8.</subfield>
  </datafield>
  <datafield tag="653" ind1=" " ind2=" ">
    <subfield code="a">&#x10E1;&#x10D0;&#x10E1;&#x10DD;&#x10E4;&#x10DA;&#x10DD;-&#x10E1;&#x10D0;&#x10DB;&#x10D4;&#x10E3;&#x10E0;&#x10DC;&#x10D4;&#x10DD; &#x10DB;&#x10D4;&#x10DA;&#x10D8;&#x10DD;&#x10E0;&#x10D0;&#x10EA;&#x10D8;&#x10D0; &#x10E1;&#x10D0;&#x10E5;&#x10D0;&#x10E0;&#x10D7;&#x10D5;&#x10D4;&#x10DA;&#x10DD;&#x10E8;&#x10D8;</subfield>
  </datafield>
  <datafield tag="653" ind1=" " ind2=" ">
    <subfield code="a">&#x10E1;&#x10D0;&#x10E0;&#x10EC;&#x10E7;&#x10D0;&#x10D5;&#x10D8; &#x10D0;&#x10E0;&#x10EE;&#x10D4;&#x10D1;&#x10D8; &#x10E1;&#x10D0;&#x10E5;&#x10D0;&#x10E0;&#x10D7;&#x10D5;&#x10D4;&#x10DA;&#x10DD;&#x10E8;&#x10D8;</subfield>
  </datafield>
  <datafield tag="942" ind1=" " ind2=" ">
    <subfield code="2">udc</subfield>
    <subfield code="c">&#x1CAC;&#x1C98;&#x1C92;&#x1C9C;&#x1C98;</subfield>
  </datafield>
  <datafield tag="952" ind1=" " ind2=" ">
    <subfield code="0">0</subfield>
    <subfield code="1">0</subfield>
    <subfield code="2">udc</subfield>
    <subfield code="4">0</subfield>
    <subfield code="6">6316747922_&#x10DB;68</subfield>
    <subfield code="7">0</subfield>
    <subfield code="9">105170</subfield>
    <subfield code="a">CPL</subfield>
    <subfield code="b">CPL</subfield>
    <subfield code="c">GEN</subfield>
    <subfield code="d">2026-01-16</subfield>
    <subfield code="g">0.22</subfield>
    <subfield code="o">631.67(479.22) &#x10DB;-68</subfield>
    <subfield code="p">73474</subfield>
    <subfield code="r">2026-01-16</subfield>
    <subfield code="t">73474</subfield>
    <subfield code="w">2026-01-16</subfield>
    <subfield code="y">&#x1CAC;&#x1C98;&#x1C92;&#x1C9C;&#x1C98;</subfield>
    <subfield code="z">0.22 &#x10D7;.</subfield>
  </datafield>
  <datafield tag="952" ind1=" " ind2=" ">
    <subfield code="0">0</subfield>
    <subfield code="1">0</subfield>
    <subfield code="2">udc</subfield>
    <subfield code="4">0</subfield>
    <subfield code="6">6316747922_&#x10DB;68</subfield>
    <subfield code="7">0</subfield>
    <subfield code="9">105171</subfield>
    <subfield code="a">CPL</subfield>
    <subfield code="b">CPL</subfield>
    <subfield code="c">GEN</subfield>
    <subfield code="d">2026-01-16</subfield>
    <subfield code="g">0.22</subfield>
    <subfield code="o">631.67(479.22) &#x10DB;-68</subfield>
    <subfield code="p">73473</subfield>
    <subfield code="r">2026-01-16</subfield>
    <subfield code="t">73473</subfield>
    <subfield code="w">2026-01-16</subfield>
    <subfield code="y">&#x1CAC;&#x1C98;&#x1C92;&#x1C9C;&#x1C98;</subfield>
    <subfield code="z">0.22 &#x10D7;.</subfield>
  </datafield>
</record>
